000 01040cam a22003253a 4500
001 8413
003 PGUSA
005 20140828083156.0
008 050701s2005||||xxu|||||s|||||000 1 eng d
040 _aPGUSA
_beng
042 _adc
050 4 _aPZ
100 1 _aThurston, I. T.
_q(Ida Treadwell),
_d1848-1918
245 1 4 _aThe Bishop's Shadow
_h[electronic resource] /
_cI. T. Thurston
260 _bProject Gutenberg,
_c2005
506 _aPublic domain in the USA.
516 _aElectronic text
653 _aSick -- Juvenile fiction
653 _aKindness -- Juvenile fiction
653 _aBrothers and sisters -- Juvenile fiction
653 _aBishops -- Juvenile fiction
653 _aTheft -- Juvenile fiction
653 _aFriendship -- Juvenile fiction
653 _aPoverty -- Juvenile fiction
653 _aChildren -- Conduct of life -- Juvenile fiction
653 _aConduct of life -- Juvenile fiction
830 0 _aProject Gutenberg
_v8413
856 4 0 _uhttp://www.gutenberg.org/ebooks/8413
942 _cEB
999 _c237713
_d237713